Souvenir on Hindustani music Festival and Seminar, 1962. (Record no. 88937)
[ view plain ]
| 000 -LEADER | |
|---|---|
| fixed length control field | 00909cam a2200277 4500 |
| 001 - CONTROL NUMBER | |
| control field | sa 68019514 |
| 003 - CONTROL NUMBER IDENTIFIER | |
| control field | DLC |
| 005 - DATE AND TIME OF LATEST TRANSACTION | |
| control field | 20260227112718.0 |
| 008 - FIXED-LENGTH DATA ELEMENTS--GENERAL INFORMATION | |
| fixed length control field | 720211s1966 ii c 100 0 eng |
| 010 ## - LIBRARY OF CONGRESS CONTROL NUMBER | |
| LC control number | sa 68019514 |
| 025 ## - OVERSEAS ACQUISITION NUMBER | |
| Overseas acquisition number | PL480:I-E-7778 |
| 040 ## - CATALOGING SOURCE | |
| Original cataloging agency | DLC |
| Transcribing agency | DLC |
| Modifying agency | DLC |
| 043 ## - GEOGRAPHIC AREA CODE | |
| Geographic area code | a-ii--- |
| 050 00 - LIBRARY OF CONGRESS CALL NUMBER | |
| Classification number | ML37.I5 |
| Item number | H55 |
| 082 00 - DEWEY DECIMAL CLASSIFICATION NUMBER | |
| Classification number | 781.7/54 |
| 111 2# - MAIN ENTRY--MEETING NAME | |
| Meeting name or jurisdiction name as entry element | Hindustani Music Seminar, |
| Location of meeting | Hyderabad, India, |
| Date of meeting or treaty signing | 1962. |
| 245 10 - TITLE STATEMENT | |
| Title | Souvenir on Hindustani music Festival and Seminar, 1962. |
| 260 ## - PUBLICATION, DISTRIBUTION, ETC. | |
| Place of publication, distribution, etc. | [Hyderabad, |
| Date of publication, distribution, etc. | 1966] |
| 300 ## - PHYSICAL DESCRIPTION | |
| Extent | 71 p. |
| Other physical details | ports. |
| Dimensions | 24 cm. |
| 350 ## - PRICE (NR) (BK AM CF MU VM SE) [OBSOLETE] | |
| Price | Rs3.00 |
| 490 1# - SERIES STATEMENT | |
| Series statement | A.P.S.N. Akademi. Publication no. 7 |
| 500 ## - GENERAL NOTE | |
| General note | Seminar organized by Andhra Pradesh Sangeeta Nataka Akademi. |
| 650 #0 - SUBJECT ADDED ENTRY--TOPICAL TERM | |
| Topical term or geographic name entry element | Hindustani music |
| Form subdivision | Congresses. |
| 710 2# - ADDED ENTRY--CORPORATE NAME | |
| Corporate name or jurisdiction name as entry element | Andhra Pradesh Sangeeta Nataka Akademi. |
| 810 2# - SERIES ADDED ENTRY--CORPORATE NAME | |
| Corporate name or jurisdiction name as entry element | Andhra Pradesh Sangeeta Nataka Akademi. |
| Title of a work | A.P.S.N. Akademi publication, |
| Volume/sequential designation | no. 7. |
No items available.